Регионална библиотека "Любен Каравелов" - Русе

Почетни граждани на Варна 1879 - 2009 (Запис номер 53855)

MARC детайли
000 -Лидер
Контролно поле с фиксирана дължина 01517nam a2200409 c 4500
003 - Код на организацията, давaща контролен номер
Контролно поле BLK
005 - Дата и час на последна редакция
Контролно поле 20201209104610.0
008 - Елементи от данни с фиксирана дължина
fixed length control field 180408b bul|||||r ||||||| ||bul||
010 ## - Наследен системен номер
LC control number KNG00057797000
020 ## - Международен стандартен номер на книга ISBN
Международен стандартен номер на книга ISBN 978-954-579-843-6
-- издат.: Славена
040 ## - Източник на каталожния запис
Идентификатор на билиотеката - собственик на записа BLK
041 ## - Код за език
Код за езика на текст/звукозапис или на отделно заглавие Български
Код за езика КДБФ Български
072 #7 - Код за тематичната категория
Код организация bullib
Код за тематична категория Н93
Текст Краезнание - отраслова литература Н
080 ## - УДК
Текстов определител УДК Краезнание
УДК код - определител по УДК 908
УДК определител (497.211)(092)
УДК - код + определител 908(497.211)(092)
080 ## - УДК
Текстов определител УДК Биографии
УДК код - определител по УДК 929
УДК определител (497.211)
УДК - код + определител 929(497.211)
100 1# - Редна дума - Автор
Автор Дряновски, Борислав Николов
Авторска отговорност първи автор
R(LIN) 368928
139 ## - Редно поле
Редна дума Дряновски, Борислав Николов
Авторски знак Друм - Д 91
245 10 - Сведения за заглавието
Заглавие Почетни граждани на Варна 1879 - 2009
Редно поле (дума) Борислав Николов Дряновски.
257 ## - Страна на издаване
Страна на създаване/издаване България
260 ## - Област на издателските данни
-- Варна
Име на издателя, разпространителя и проч. Славена
Година на издаване 2010
300 ## - Физическа характеристика
Страници 184 с.
Илюстрации и др. с ил., портр.
Размери/Мащаб 23 см
380 ## - Жанр
Жанр История
650 #4 - Допълнително описание по предмет – тема
Основно описание – тема или топоним Почетни звания - България
9 (RLIN) 167294
650 #4 - Допълнително описание по предмет – тема
Основно описание – тема или топоним Общественици - биографии
9 (RLIN) 278439
650 #4 - Допълнително описание по предмет – тема
Основно описание – тема или топоним Варна - история
9 (RLIN) 253235
651 #4 - Допълнително описание по предмет - топоним
Географско понятие Варна
9 (RLIN) 178690
651 #4 - Допълнително описание по предмет - топоним
Географско понятие България
9 (RLIN) 241624
653 ## - Ключова дума – ненормативна
Ключова дума почетни граждани
653 ## - Ключова дума – ненормативна
Ключова дума общественици
653 ## - Ключова дума – ненормативна
Ключова дума Варна
659 ## - Тематичен бюлетин
Тематичен бюлетин Н
852 ## - Местоположение
Форматна сигнатура Цб 252224
856 4# - Електронен адрес и достъп
Електронен формат pdf - файл
Път до файла /url/
856 4# - Електронен адрес и достъп
Електронен формат pdf - файл
Път до файла /url/
942 ## - АРТИКУЛИ
Вид на библиотечния материал Книги
Скрит в OPAC Не
Koha issues (borrowed), all copies 1
944 ## - СЪЗДАВАНЕ И РЕДАКЦИЯ на ЗАПИСА
Създаване/Редакция Създаване
Дата на регистрацията/редакция 04.07.2011
Статус, дата на статуса ф /
Служител, извършил регистрацията/редакцията Людмила_Стоянова
944 ## - СЪЗДАВАНЕ И РЕДАКЦИЯ на ЗАПИСА
Създаване/Редакция Редакция
Дата на регистрацията/редакция 09.08.2011
Статус, дата на статуса ф /
Служител, извършил регистрацията/редакцията
999 ## - СИСТЕМНИ КОНТРОЛНИ НОМЕРА
Koha biblionumber 53855
Koha biblioitemnumber 53855
Наличности
Код за отписване Код за изгубен артикул Код за повреда Коз за рестрикции Код за отдаване Артикулен № Име на библиотеката - собственик Име на библиотеката, в която се намира в момента Статус (Текущо местоположение) Дата на вписване в системата Местоположение - отдел Цена в лева Инвентарен номер Систематично азбучна сигнатура Баркод Номер на екземпляра Цена в евро Служебна бележка Служебен тип на артикула
  Не е изгубен Не е повреден без рестрикции заемане за дома 84804 Регионална библиотека "Любен Каравелов" Русе Регионална библиотека "Любен Каравелов" Русе Заемна - подръчен фонд 2011-06-29 Заемна - подръчен фонд 12.00 120000751664 П 908(497.2)/Д 91 120000751664 1 6.14 Дост: DA Вид: А N: 10 Дата: 29.06.2011 Дата инв: 07.02.2018 Бележки инв: П2018 Книги
Vip Innovations Ltd, Rousse, Bulgaria 2025